Ľubomír Kolník - 300 gólov! hokejová ST Extraliga - 47. kolo

Bibliographic Details
Main Author: Smatana, Andrej (Author)
Format: Article
Language:Slovak
PhysicalDescription:Fotogr.
ISSN:0139-7001
Subjects:

MARC

LEADER 00000nab a2200000 ar4500
001 vtls008625820
003 SK-MaSNL
005 20260303071903.0
008 060224c20060128xo dr|p|||||||000 b|slo
015 |a SNBRB2006/02  |2 snkbucl 
038 |a SNKBUCL 
040 |a SNKBUCL  |b slo  |c SNKBUCL  |e AACR2 
041 0 |a slo 
044 |a xo  |c SK 
080 |a 796.966.093.1  |2 UDC-MRF-SK2 
100 1 |a Smatana, Andrej  |4 aut  |9 872637 
245 1 0 |a Ľubomír Kolník - 300 gólov!  |b hokejová ST Extraliga - 47. kolo  |c Andrej Smatana 
300 |b Fotogr. 
648 7 |a sezóna 2005/2006  |2 snkbucl  |9 1033192 
650 0 7 |a ľadový hokej  |2 snkbucl  |9 3231 
650 0 7 |a extraliga   |2 snkbucl  |9 18992 
650 0 7 |a 47. kolo  |2 snkbucl  |9 1033790 
773 0 |t Šport  |g Roč. 60, č. 23 (28.1.2006), s. 9  |x 0139-7001 
852 |a SNK  |b KIS3GCP 
958 |a SK 
999 |c 1761838  |d 1763768